00543nam a2200157 a 450000100100000000500170001000800410002704000250006810000270009324500630012026000440018330000270022704900090025495201050026399900170036800003434320200930073640.0111003s1936 xxu 000 0 spa d aDO-SdBNPbspacBNPHU1 aRines, Frank M.95976610aTree drawing design and construction /cby Frank M. Rines. aNew York :bBridgman Publishers,c1936. a63 p. :bil. ;c29 cm. aBNPD 001050718MOaGRbGRcCTd2011-10-03iLF1l0o p34343-10r2020-06-25w2020-06-25y1ZNo se presta c33834d33834